| 000 | 01428cam a2200265 a 4500 | ||
|---|---|---|---|
| 001 | 15611501 | ||
| 005 | 20141215130955.0 | ||
| 008 | 090204s2008 xxkadk fr 001 0 eng d | ||
| 010 | _a2009285401 | ||
| 020 | _a9781906403287 | ||
| 020 | _a1906403287 | ||
| 040 |
_aBTCTA _cBTCTA _dYDXCP _dBAKER _dBWX _dOCLCQ _dDLC _dEG-ScBUE |
||
| 082 | 0 | 0 |
_222 _bBRI _a332.10688 |
| 100 | 1 |
_aBrighouse, David _936927 |
|
| 245 | 1 | 0 |
_aFinancial services : _bthe commercial environment / _cDavid Brighouse, Janet Hontoir. |
| 260 |
_aLondon, United Kingdom : _bGlobal Professional Publishing, _c2008. |
||
| 300 |
_axiv, 280 p. : _bcharts, forms, tables ; _c24 cm. |
||
| 500 | _aIndex : p. 275-280. | ||
| 505 | 0 | _aIntroduction to the financial services environment-Financial intermediation-Credit creation-The nature and purpose of financial markets-Retail financial services-Capital markets-Other markets-The pricing of financial assets-The background to economic policies-Monetary policy-Fiscal policy-The background to financial regulation-International aspects of financial regulation -Prudential regulation-The changing nature of financial regulation-The impact of legislative and voluntary regulation-Social and demographic issues-The impact of technology. | |
| 650 | 0 |
_aFinancial services industry _93475 |
|
| 653 |
_bBUSADM _cDecember2014 |
||
| 655 |
_vreading book _934232 |
||
| 700 | 1 |
_aHontoir, Janet _936928 |
|
| 942 |
_2ddc _k332.10688 BRI |
||
| 999 |
_c18777 _d18749 |
||